| Tag |
First Indicator |
Second Indicator |
Subfields |
| LEADER |
00000cam a2200000 i 4500 |
| 001 |
in00001991921 |
| 005 |
20151031111149.0 |
| 008 |
040907b1959 ilua f000 0 eng |
| 040 |
|
|
|d UtOrBLW
|
| 086 |
0 |
|
|a C 30.28:36
|
| 100 |
1 |
|
|a Cry, George W.
|
| 245 |
1 |
0 |
|a North Atlantic tropical cyclones :
|b tracks and frequencies of hurricanes and tropical storms, 1886-1958 /
|c George W. Cry, William H. Haggard, and Hugh S. White.
|
| 264 |
|
1 |
|a [Place of publication not identified] :
|b [publisher not identified] ;
|c 1959.
|
| 300 |
|
|
|a 214 pages
|
| 336 |
|
|
|a text
|b txt
|2 rdacontent
|
| 337 |
|
|
|a unmediated
|b n
|2 rdamedia
|
| 338 |
|
|
|a volume
|b nc
|2 rdacarrier
|
| 490 |
1 |
|
|a Technical paper ;
|v 36
|
| 830 |
|
0 |
|a Echnical paper ;
|v 36.
|
| 830 |
|
0 |
|a Technical paper (United States. Weather Bureau) ;
|v 36.
|
| 945 |
|
|
|a cataloged
|k rvaughan
|c 2004/9/7
|
| 999 |
|
|
|a MARS
|
| 999 |
f |
f |
|s 2c025920-3c37-39d4-8737-a84cc2f0e870
|i 328b2798-f723-31bf-a340-8b6707f6f3db
|t 0
|
| 952 |
f |
f |
|p normal
|a Texas A&M University
|b College Station
|c Sterling C. Evans Library
|d Evans: US Documents (Annex 5th floor)
|t 0
|e C 30.28:36
|h Superintendent of Documents classification
|i unmediated -- volume
|m A14832144617
|
| 998 |
f |
f |
|a C 30.28:36
|t 0
|l Evans: US Documents (Annex 5th floor)
|